LEADER 00850cam2-22003011i-450- 001 990000220810403321 005 20061030103505.0 035 $a000022081 035 $aFED01000022081 035 $a(Aleph)000022081FED01 035 $a000022081 100 $a20020821f18001899km-y0itay50------ba 101 0 $aita 102 $aIT 105 $aaf------001yy 200 1 $aCassa dei veicoli$f[Stanislao Fadda] 210 $aTorino$cUTET$d[18..?] 215 $a23 p., 5 c. di tav.$cill.$d31 cm 461 0$1001000009733$12001$aCostruzione ed esercizio delle strade ferrate e delle tramvie$v3.2 cap. 20 610 0 $aVeicoli ferroviari 676 $a625.2 700 1$aFadda,$bStanislao 801 0$aIT$bUNINA$gRICA$2UNIMARC 901 $aBK 912 $a990000220810403321 952 $a13 M 16 40$b3256$fFINBC 959 $aFINBC 997 $aUNINA LEADER 01104nam0-22003251i-450- 001 990002876240403321 010 $a88-458-0033-4 035 $a000287624 035 $aFED01000287624 035 $a(Aleph)000287624FED01 035 $a000287624 100 $a20000920d1996----km-y0itay50------ba 101 0 $aITA 200 1 $aFinanza locale : entrate e spese dei bilanci consuntivi (comuni, province e regioni)$eanno 1994$fIstituto Nazionale di Statistica 210 $aRoma$cIstat$d1996 215 $a317 p.$d25 cm 225 1 $aAnnuari$fIstat$v3 300 $aIn testa al frontespizio: "Sistema statistico nazionale. Istituto Nazionale di Statistica" 610 0 $aItalia$afinanza locale$a1994 610 0 $aItalia$apubblica amministrazione$a1994 676 $a336.945 700 1$aIstat$0445627 801 0$aIT$bUNINA$gRICA$2UNIMARC 901 $aBK 912 $a990002876240403321 952 $aC-D-I-F-L-A-3-97-Pos-62$b5696$fMAS 959 $aMAS 996 $aFinanza locale : entrate e spese dei bilanci consuntivi (comuni, province e regioni$9416375 997 $aUNINA DB $aING01